<?xml version="1.0" encoding="UTF-8"?>
<collection xmlns="http://www.loc.gov/MARC21/slim">
 <record>
  <leader>01870cam a2200373  c4500</leader>
  <controlfield tag="001">1173716424</controlfield>
  <controlfield tag="003">DE-627</controlfield>
  <controlfield tag="005">20241010124257.0</controlfield>
  <controlfield tag="007">tu</controlfield>
  <controlfield tag="008">030312s2002    xx |||||      00| ||ger c</controlfield>
  <datafield tag="035" ind1=" " ind2=" ">
   <subfield code="a">(DE-627)1173716424</subfield>
  </datafield>
  <datafield tag="035" ind1=" " ind2=" ">
   <subfield code="a">(DE-576)103716424</subfield>
  </datafield>
  <datafield tag="035" ind1=" " ind2=" ">
   <subfield code="a">(DE-599)BSZ103716424</subfield>
  </datafield>
  <datafield tag="035" ind1=" " ind2=" ">
   <subfield code="a">(OCoLC)314074901</subfield>
  </datafield>
  <datafield tag="040" ind1=" " ind2=" ">
   <subfield code="a">DE-627</subfield>
   <subfield code="b">ger</subfield>
   <subfield code="c">DE-627</subfield>
   <subfield code="e">rakwb</subfield>
  </datafield>
  <datafield tag="041" ind1=" " ind2=" ">
   <subfield code="a">ger</subfield>
  </datafield>
  <datafield tag="084" ind1=" " ind2=" ">
   <subfield code="a">NM 1100</subfield>
   <subfield code="2">rvk</subfield>
   <subfield code="0">(DE-625)rvk/126263:</subfield>
  </datafield>
  <datafield tag="084" ind1=" " ind2=" ">
   <subfield code="a">PW 2010</subfield>
   <subfield code="2">rvk</subfield>
   <subfield code="0">(DE-625)rvk/140820:</subfield>
  </datafield>
  <datafield tag="245" ind1="1" ind2="0">
   <subfield code="a">Glossen zum Sachsenspiegel-Landrecht</subfield>
   <subfield code="n">2</subfield>
   <subfield code="c">hrsg. von Frank Michael Kaufmann</subfield>
  </datafield>
  <datafield tag="264" ind1=" " ind2="1">
   <subfield code="a">Hannover</subfield>
   <subfield code="b">Hahn</subfield>
   <subfield code="c">2002</subfield>
  </datafield>
  <datafield tag="300" ind1=" " ind2=" ">
   <subfield code="a">VII S., S. 514 - 1104</subfield>
  </datafield>
  <datafield tag="336" ind1=" " ind2=" ">
   <subfield code="a">Text</subfield>
   <subfield code="b">txt</subfield>
   <subfield code="2">rdacontent</subfield>
  </datafield>
  <datafield tag="337" ind1=" " ind2=" ">
   <subfield code="a">ohne Hilfsmittel zu benutzen</subfield>
   <subfield code="b">n</subfield>
   <subfield code="2">rdamedia</subfield>
  </datafield>
  <datafield tag="338" ind1=" " ind2=" ">
   <subfield code="a">Band</subfield>
   <subfield code="b">nc</subfield>
   <subfield code="2">rdacarrier</subfield>
  </datafield>
  <datafield tag="490" ind1="1" ind2=" ">
   <subfield code="a">Monumenta Germaniae Historica</subfield>
   <subfield code="a">[Leges]. Fontes iuris Germanici antiqui, nova series</subfield>
   <subfield code="v">7</subfield>
  </datafield>
  <datafield tag="773" ind1="1" ind2="8">
   <subfield code="w">(DE-627)1173618031</subfield>
   <subfield code="w">(DE-576)103618031</subfield>
   <subfield code="g">2</subfield>
   <subfield code="q">2</subfield>
   <subfield code="7">nnnm</subfield>
  </datafield>
  <datafield tag="787" ind1="0" ind2="8">
   <subfield code="i">Rezensiert in</subfield>
   <subfield code="a">Petersen, Stefan, 1965 - </subfield>
   <subfield code="t">[Rezension von: Monumenta Germaniae Historica, Fontes iuris Germanici antiqui, Nova Series 7, Glossen zum Sachsenspiegel-Landrecht]</subfield>
   <subfield code="d">2004</subfield>
   <subfield code="w">(DE-627)1745188932</subfield>
  </datafield>
  <datafield tag="830" ind1=" " ind2="0">
   <subfield code="a">Monumenta Germaniae historica</subfield>
   <subfield code="n">7</subfield>
   <subfield code="p">Fontes iuris Germanici antiqui</subfield>
   <subfield code="v">7</subfield>
   <subfield code="9">7,2</subfield>
   <subfield code="w">(DE-627)23465094X</subfield>
   <subfield code="w">(DE-576)023072075</subfield>
   <subfield code="w">(DE-600)1396632-7</subfield>
   <subfield code="x">0544-9871</subfield>
   <subfield code="7">ns</subfield>
  </datafield>
  <datafield tag="889" ind1=" " ind2=" ">
   <subfield code="w">(DE-576)484401882</subfield>
  </datafield>
  <datafield tag="936" ind1="r" ind2="v">
   <subfield code="a">NM 1100</subfield>
   <subfield code="b">Deutschland</subfield>
   <subfield code="k">Geschichte</subfield>
   <subfield code="k">Geschichte des Mittelalters</subfield>
   <subfield code="k">Quellen und Darstellungen zum Gesamtzeitraum</subfield>
   <subfield code="k">Quellen (vor allem Reihen)</subfield>
   <subfield code="k">Deutschland</subfield>
   <subfield code="0">(DE-627)1270879855</subfield>
   <subfield code="0">(DE-625)rvk/126263:</subfield>
   <subfield code="0">(DE-576)200879855</subfield>
  </datafield>
  <datafield tag="936" ind1="r" ind2="v">
   <subfield code="a">PW 2010</subfield>
   <subfield code="b">Monumenta</subfield>
   <subfield code="k">Rechtswissenschaft</subfield>
   <subfield code="k">Deutsche und ausländische Rechtsgeschichte</subfield>
   <subfield code="k">Quellen</subfield>
   <subfield code="k">Allgemeine Quellen</subfield>
   <subfield code="k">Monumenta</subfield>
   <subfield code="0">(DE-627)127145520X</subfield>
   <subfield code="0">(DE-625)rvk/140820:</subfield>
   <subfield code="0">(DE-576)20145520X</subfield>
  </datafield>
  <datafield tag="951" ind1=" " ind2=" ">
   <subfield code="a">MV</subfield>
  </datafield>
  <datafield tag="991" ind1=" " ind2=" ">
   <subfield code="a">Rezensiertes Werk</subfield>
  </datafield>
  <datafield tag="999" ind1=" " ind2=" ">
   <subfield code="a">KXP-PPN1173716424</subfield>
   <subfield code="e">4020830770</subfield>
  </datafield>
 </record>
</collection>
